000 00461nam a2200181Ia 4500
001 22658
005 20260414150845.0
008 260414t2004||||xx |||||||||||||| ||spa||
041 _aESP
082 _a621.3827
_bM26
100 _aMartín Pereda, José Antonio
_eAUT
245 0 _aSistemas y redes ópticas de comunicaciones
_b
260 _c2004
300 _axvi, 580 páginas :
_c25 cm.
650 _aTCA
654 _aCET
942 _cLIB
_dJUS
_fJUS
_2ddc
_n
999 _c22658
_d22658